000 01092nam a2200265Ia 4500
001 831-WOL es pa (16931)
003 IT-MiSPE
008 171229s9999||||xx |||||||||||||| ||und||
040 _aIT-MiSPE
_cIT-MiSPE
041 _aITALIANO
100 _aAA.VV.
240 _aParzival
245 0 _aParzival
_bII.
250 _a1a ed. (v)
260 _aMilano
_bTEA
_c1989
300 _a271-555 p.
_c18 cm
490 _aTascabili
_v 81/2°
501 _aEdizioni San Paolo srl - Piazza Soncino, 5 - 20092 CINISELLO BALSAMO (MI) (non commercial uses only) ® Copyright 2018
520 _aLaura Mancinelli (intr.), Giuseppe Bianchesi (note)
700 _aGiuseppe Bianchesi
_g(traduzione)
700 _aLaura Mancinelli
942 _cBK
957 _71
999 _a3314
_bNO
_g Copie: 1
_c353044
_d353044